| 000 | 00704nam a2200205 a 4500 | ||
|---|---|---|---|
| 005 | 20210223122725.0 | ||
| 008 | 991125s1973 es 000 0 spa u | ||
| 035 | _aUPN01000040582 | ||
| 049 | _aC | ||
| 050 | 4 |
_aAM5 _bE5.3 v.19-20 |
|
| 245 | 0 | 0 |
_aMuseo Británico, Londres / _cdir. Adolfo Moreno ; Antonino Caleca ... [et al.] ; tr. Máximo Cortini. |
| 260 |
_aBarcelona, Esp. : _bArgos, _c1973. |
||
| 300 |
_a2 v. : _bprincipalmente il. col. |
||
| 440 | 0 |
_aEnciclopedia de los museos ; _v19-20 |
|
| 650 | 4 |
_aARTE - _xGALERIAS Y MUSEOS _92482 |
|
| 610 | 2 | 4 |
_aBRITISH MUSEUM (LONDRES, INGLATERRA) _923083 |
| 700 | 1 |
_aMoreno, Adolfo, _edir. _936603 |
|
| 700 | 1 |
_aCaleca, Antonino, _ecoaut. |
|
| 905 | _aLibro | ||
| 999 |
_c40582 _d40582 |
||